[Event "I Torneo Cecchina A"]
[Site "Roma ITA"]
[Date "1997.??.??"]
[Round "7"]
[White "Marzano, Carlo"]
[Black "Mastroddi, Emiliano"]
[Result "1-0"]
[WhiteElo "2160"]
[BlackElo "1753"]
[PlyCount "85"]
[EventDate "1997.??.??"]

1. d4 d5 2. Bg5 Nf6 3. e3 c6 4. Nd2 Bf5 5. c4 Qb6 6. Qb3 Qxb3 7. axb3 Nbd7 8.
Ngf3 e6 9. c5 h6 10. Bxf6 Nxf6 11. b4 Ne4 12. b5 f6 13. b4 cxb5 14. Bxb5+ Kf7
15. Ra3 a6 16. Be2 Be7 17. O-O Rab8 18. Rfa1 Rhc8 19. Nxe4 Bxe4 20. Nd2 Bg6 21.
Nb3 Rc7 22. b5 axb5 23. Bxb5 Be4 24. Nd2 g5 25. Ra7 Rbc8 26. R1a2 Bf5 27. Rb2
e5 28. Nb3 Kf8 29. h3 Bd7 30. Bxd7 Rxd7 31. Na5 Bd8 32. c6 bxc6 33. Rxd7 Bxa5
34. Rbb7 Bd8 35. Rh7 Kg8 36. Rbg7+ Kf8 37. Rd7 Kg8 38. Rxh6 exd4 39. exd4 c5
40. dxc5 d4 41. Rxd4 Kg7 42. Rh5 Kg6 43. Rh8 1-0

[Event "I Torneo Cecchina A"]
[Site "Roma ITA"]
[Date "1997.??.??"]
[Round "7"]
[White "Montecchi, Ugo"]
[Black "Esuperanzi, Gianbattista"]
[Result "1-0"]
[WhiteElo "1833"]
[BlackElo "1600"]
[PlyCount "75"]
[EventDate "1997.??.??"]

1. e4 c5 2. d4 cxd4 3. c3 dxc3 4. Nxc3 d6 5. Bc4 e6 6. Nf3 Be7 7. Qe2 a6 8. O-O
b5 9. Bb3 Nc6 10. Rd1 Qc7 11. Bf4 Na5 12. e5 d5 13. Nxd5 Qb8 14. Nc3 Bb7 15.
Bc2 Bc5 16. Nxb5 Bxf2+ 17. Kxf2 axb5 18. Qxb5+ Bc6 19. Qc5 Ne7 20. Bg5 O-O 21.
Bxe7 Bxf3 22. Bxf8 Bxd1 23. Bd6 Qxb2 24. Rxd1 Nb7 25. Qc6 Qxa2 26. Kg1 Qa7+ 27.
Kh1 g6 28. Qd7 Qa6 29. Be4 Nxd6 30. Qxd6 Qxd6 31. exd6 Rd8 32. Bc6 Kf8 33. h4
h5 34. Kh2 f5 35. Kg3 Kf7 36. d7 Kf6 37. Ra1 Ke7 38. Kf4 1-0

[Event "I Torneo Cecchina A"]
[Site "Roma ITA"]
[Date "1997.??.??"]
[Round "7"]
[White "Ottavi, Marco"]
[Black "Attanasi, Salvatore"]
[Result "1-0"]
[WhiteElo "1945"]
[BlackElo "1672"]
[PlyCount "93"]
[EventDate "1997.??.??"]

1. e4 e6 2. d4 d5 3. Nd2 Nf6 4. e5 Nfd7 5. Bd3 c5 6. c3 Nc6 7. Ne2 cxd4 8. cxd4
Be7 9. O-O O-O 10. Nf3 f5 11. exf6 Nxf6 12. Nf4 Qb6 13. Re1 Nd8 14. Ne5 Bd6 15.
Bc2 Nc6 16. Nxc6 Qxc6 17. g3 Qe8 18. Qe2 Bxf4 19. Bxf4 Bd7 20. Rac1 Rc8 21. Bd3
Qh5 22. Qxh5 Nxh5 23. Bd6 Rxc1 24. Rxc1 Rc8 25. Rxc8+ Bxc8 26. Bb5 Nf6 27. Bb8
a6 28. Bd3 Bd7 29. f3 Kf7 30. Kf2 Ke7 31. Be5 Be8 32. Ke3 Bb5 33. Bxb5 axb5 34.
Kd3 Kd7 35. Kc3 Kc6 36. Kb4 h6 37. h4 h5 38. Bxf6 gxf6 39. g4 hxg4 40. fxg4 f5
41. gxf5 exf5 42. h5 f4 43. Kc3 Kd6 44. h6 f3 45. Kd3 f2 46. Ke2 Ke6 47. h7 1-0

[Event "I Torneo Cecchina A"]
[Site "Roma ITA"]
[Date "1997.??.??"]
[Round "7"]
[White "Quimi, Marco"]
[Black "Chiaretti, Roberto"]
[Result "1-0"]
[WhiteElo "2240"]
[BlackElo "2150"]
[PlyCount "55"]
[EventDate "1997.??.??"]

1. d4 d5 2. Nf3 Nf6 3. g3 e6 4. Bg2 Be7 5. O-O O-O 6. c4 Nbd7 7. Nc3 dxc4 8. e4
c6 9. a4 a5 10. Qc2 Bb4 11. Rd1 Nb6 12. e5 Nfd5 13. Ng5 g6 14. h4 Bd7 15. h5
Re8 16. Be4 Ne7 17. g4 Kg7 18. Kg2 Qc7 19. Rh1 Rh8 20. h6+ Kf8 21. Qe2 Ng8 22.
Qf3 Bc8 23. Bxg6 hxg6 24. h7 c5 25. hxg8=Q+ Kxg8 26. Rxh8+ Kxh8 27. Be3 cxd4
28. Qf6+ 1-0

[Event "I Torneo Cecchina A"]
[Site "Roma ITA"]
[Date "1997.??.??"]
[Round "7"]
[White "Rossi De Gasperis, Pietro"]
[Black "Marotta, Michele"]
[Result "1-0"]
[WhiteElo "1800"]
[BlackElo "1600"]
[PlyCount "81"]
[EventDate "1997.??.??"]

1. e4 d6 2. d4 Nf6 3. Nc3 g6 4. f4 Bg7 5. Nf3 O-O 6. Be2 Nc6 7. h3 e5 8. d5 Nd4
9. Nxd4 exd4 10. Qxd4 Ng4 11. Qg1 Nh6 12. Qf2 f5 13. e5 Qe7 14. exd6 Qxd6 15.
Bd2 Bd7 16. O-O Rfe8 17. Rad1 Qb4 18. Bc1 Nf7 19. a3 Qe7 20. Bd3 Nd6 21. Bd2 a6
22. Rde1 Qf6 23. Kh1 Rad8 24. b4 Qd4 25. Qxd4 Bxd4 26. Ne2 Bf6 27. Bc3 Be7 28.
Be5 Bb5 29. Bxd6 Bxd6 30. c4 Bd7 31. c5 Bf8 32. Bc4 Bb5 33. Bxb5 axb5 34. Nd4
b6 35. cxb6 cxb6 36. Rxe8 Rxe8 37. Ne6 Bd6 38. Rc1 Rb8 39. Rc6 Be7 40. d6 Bf6
41. d7 1-0

[Event "I Torneo Cecchina A"]
[Site "Roma ITA"]
[Date "1997.??.??"]
[Round "7"]
[White "Rotondi, Paolo"]
[Black "Campagna, Maurizio"]
[Result "1-0"]
[WhiteElo "1660"]
[BlackElo "1573"]
[PlyCount "71"]
[EventDate "1997.??.??"]

1. c4 Nf6 2. Nc3 c5 3. g3 Nc6 4. Bg2 g6 5. Nf3 Bg7 6. O-O O-O 7. a3 a5 8. d3 d6
9. Bd2 Nd7 10. Rb1 Nde5 11. Nxe5 Bxe5 12. f4 Bg7 13. Nb5 Na7 14. Nxa7 Rxa7 15.
b4 axb4 16. axb4 b6 17. bxc5 bxc5 18. Rb8 Qc7 19. Qb3 Ra1 20. Rb1 Rxb1+ 21.
Qxb1 Ba6 22. Rb6 Bc8 23. h3 h5 24. Kh2 Kh7 25. Rb5 Qd7 26. Ra5 Bh6 27. Qb6 Qe6
28. e3 g5 29. f5 Qf6 30. e4 g4 31. Bxh6 gxh3 32. Bxf8 hxg2 33. Kxg2 Qc3 34. Ra2
Qxd3 35. Qc6 Qxc4 36. Qd5 1-0

[Event "I Torneo Cecchina A"]
[Site "Roma ITA"]
[Date "1997.??.??"]
[Round "7"]
[White "Scacco, Mauro"]
[Black "Scagliarini, Bruno"]
[Result "1/2-1/2"]
[WhiteElo "2045"]
[BlackElo "1974"]
[PlyCount "149"]
[EventDate "1997.??.??"]

1. e4 e6 2. d4 d5 3. Nc3 Bb4 4. e5 c5 5. a3 Bxc3+ 6. bxc3 Ne7 7. a4 Nbc6 8. Nf3
Qa5 9. Qd2 f6 10. Bb5 Bd7 11. Ba3 fxe5 12. dxe5 a6 13. Bd3 O-O 14. c4 Qxd2+ 15.
Kxd2 dxc4 16. Bxc4 b5 17. axb5 axb5 18. Bxb5 Nxe5 19. Nxe5 Bxb5 20. Bxc5 Rfd8+
21. Nd3 Nd5 22. g3 Rac8 23. Ba3 Ba4 24. Rhc1 Rc4 25. Ra2 Nc3 26. Raa1 Ne4+ 27.
Ke3 Nf6 28. Bb2 Ng4+ 29. Ke2 Bxc2 30. Ne1 Bb3 31. h3 Nf6 32. Rc3 Rxc3 33. Bxc3
Bc4+ 34. Ke3 Nd5+ 35. Kd4 Bf1 36. Ra7 Nxc3+ 37. Kxc3 Bxh3 38. Nf3 Bf5 39. Nd4
h5 40. Rc7 Kh7 41. Re7 Rd6 42. Kc4 Ra6 43. Nxf5 exf5 44. Kd4 Ra1 45. Re2 Kg6
46. Ke3 Kf6 47. Kf3 g5 48. Rb2 Ra6 49. Kg2 h4 50. Kh2 hxg3+ 51. Kxg3 Ra3+ 52.
Kg2 g4 53. Rb6+ Kg5 54. Rb5 Rf3 55. Ra5 Kh4 56. Ra8 Rb3 57. Ra4 Rb5 58. Rc4 Kg5
59. Rc8 f4 60. Rg8+ Kh4 61. Rh8+ Rh5 62. Rg8 Rh6 63. Kh2 Kh5 64. Kg2 Rg6 65.
Rh8+ Kg5 66. Ra8 Rh6 67. Rg8+ Kf5 68. Rf8+ Ke5 69. Re8+ Re6 70. Ra8 Ke4 71.
Ra4+ Kf5 72. Ra8 Re1 73. Rf8+ Kg5 74. Rg8+ Kh5 75. Rh8+ 1/2-1/2

[Event "I Torneo Cecchina A"]
[Site "Roma ITA"]
[Date "1997.??.??"]
[Round "7"]
[White "Scagliarini, Valentina"]
[Black "Simeoni, Matteo"]
[Result "0-1"]
[WhiteElo "1642"]
[BlackElo "1830"]
[PlyCount "80"]
[EventDate "1997.??.??"]

1. e4 c5 2. Nf3 d6 3. d4 cxd4 4. Nxd4 Nf6 5. Nc3 a6 6. f3 e5 7. Nde2 h5 8. Bg5
Be6 9. Bxf6 gxf6 10. Nd5 Nd7 11. Nec3 Rc8 12. Bd3 Qa5 13. O-O f5 14. Qe1 h4 15.
Kh1 f4 16. Qe2 Qd8 17. Bc4 Qg5 18. Rg1 Bg7 19. Bb3 O-O 20. Rad1 Kh7 21. Nb4 a5
22. Nd3 Rg8 23. Nf2 Bf8 24. Bxe6 fxe6 25. Ng4 Qd8 26. Rd2 Qb6 27. Qb5 Qxb5 28.
Nxb5 Rxg4 29. fxg4 Nf6 30. Re1 Nxg4 31. c3 Rd8 32. Nc7 Bh6 33. Rde2 Rg8 34.
Nxe6 Nf6 35. Nc7 Rg7 36. Nb5 d5 37. exd5 Nxd5 38. Rxe5 Ne3 39. Re2 h3 40. g3 f3
0-1

[Event "I Torneo Cecchina A"]
[Site "Roma ITA"]
[Date "1997.??.??"]
[Round "7"]
[White "Siraco, Maurizio"]
[Black "Tosoni, Augusto"]
[Result "1/2-1/2"]
[WhiteElo "1911"]
[BlackElo "2116"]
[PlyCount "71"]
[EventDate "1997.??.??"]

1. e4 c5 2. Nf3 d6 3. d4 cxd4 4. Nxd4 Nf6 5. Nc3 g6 6. f4 Nc6 7. Nxc6 bxc6 8.
e5 Nd7 9. Qf3 d5 10. h4 h5 11. Be3 Nb6 12. Bc5 Bg7 13. Qf2 Bg4 14. Be2 Bxe2 15.
Qxe2 Nd7 16. Ba3 Qa5 17. O-O e6 18. Bd6 Nb6 19. b4 Qa3 20. Rf3 d4 21. Nb5 Qb2
22. Nc7+ Kd7 23. Rd1 Rac8 24. Na6 Bf8 25. Rb3 Qxa2 26. Nc5+ Ke8 27. Ne4 Nd5 28.
Rxd4 Be7 29. Bxe7 Kxe7 30. Qc4 Kf8 31. Qc5+ Kg7 32. Nd6 Rb8 33. Rf3 Qa1+ 34.
Kh2 Qe1 35. Qxa7 Rhf8 36. Nxf7 1/2-1/2

[Event "I Torneo Cecchina A"]
[Site "Roma ITA"]
[Date "1997.??.??"]
[Round "7"]
[White "Spano' Cuomo, Gaetano"]
[Black "Palombi, Roberto"]
[Result "1/2-1/2"]
[WhiteElo "1641"]
[BlackElo "2055"]
[PlyCount "59"]
[EventDate "1997.??.??"]

1. d4 Nf6 2. c4 c5 3. d5 e6 4. Nc3 exd5 5. cxd5 d6 6. e4 g6 7. Bd3 Bg7 8. f4
O-O 9. Nf3 a6 10. a4 Re8 11. O-O Bg4 12. h3 Bxf3 13. Qxf3 Nbd7 14. Be3 Nxe4 15.
Nxe4 f5 16. Nxc5 Nxc5 17. Bxc5 dxc5 18. d6 Qxd6 19. Rad1 Bd4+ 20. Kh1 Re7 21.
Rf2 Rae8 22. Re2 Kg7 23. Rde1 Bxb2 24. Rb1 Rxe2 25. Bxe2 Bd4 26. Rxb7+ Re7 27.
Bxa6 Kf6 28. Rxe7 Qxe7 29. Qc6+ Kg7 30. Qb7 1/2-1/2

[Event "I Torneo Cecchina A"]
[Site "Roma ITA"]
[Date "1997.??.??"]
[Round "7"]
[White "Spaziani, Gianni"]
[Black "Orazi, Carlo"]
[Result "1-0"]
[WhiteElo "1761"]
[BlackElo "1600"]
[PlyCount "55"]
[EventDate "1997.??.??"]

1. d4 d5 2. c4 e6 3. Nc3 Nf6 4. Nf3 Nbd7 5. Bg5 Be7 6. cxd5 Nxd5 7. Bxe7 Nxe7
8. e4 O-O 9. Bd3 b6 10. h4 Bb7 11. Qc2 Re8 12. h5 h6 13. g4 Nc6 14. g5 hxg5 15.
O-O-O g4 16. Nh4 Qg5+ 17. Kb1 Nb4 18. Qe2 Nxd3 19. Qxd3 f5 20. f3 Rad8 21. Qc2
c5 22. d5 exd5 23. Nxf5 Nf6 24. h6 g6 25. h7+ Kh8 26. Nh6 Rd7 27. Nb5 Rxh7 28.
Nf7+ 1-0

[Event "I Torneo Cecchina A"]
[Site "Roma ITA"]
[Date "1997.??.??"]
[Round "7"]
[White "Vannelli, Vittorio"]
[Black "Iacoacci, Giancarlo"]
[Result "1/2-1/2"]
[WhiteElo "1636"]
[BlackElo "1600"]
[PlyCount "124"]
[EventDate "1997.??.??"]

1. e4 c5 2. Nf3 d6 3. d4 cxd4 4. Qxd4 Nc6 5. Bb5 Bd7 6. Bxc6 Bxc6 7. c4 Nf6 8.
Nc3 e6 9. O-O Be7 10. b3 O-O 11. Bb2 Qb6 12. Qxb6 axb6 13. e5 Ng4 14. exd6 Bxd6
15. Rfd1 Bc5 16. Rd2 Rfd8 17. Rad1 Rxd2 18. Rxd2 Bxf3 19. gxf3 Ne5 20. Kg2 Bb4
21. a3 Be7 22. Na4 Nc6 23. Nxb6 Rd8 24. Rxd8+ Bxd8 25. Nc8 Bc7 26. Bc3 b6 27.
b4 Kf8 28. b5 Nb8 29. c5 bxc5 30. b6 Bf4 31. a4 Ke8 32. Bxg7 Kd7 33. Na7 e5 34.
Bf8 c4 35. Nb5 Kc6 36. b7 Bd2 37. Bd6 c3 38. Bxb8 Kxb7 39. Bxe5 c2 40. Bb2 Kb6
41. Nd6 c1=Q 42. Bxc1 Bxc1 43. Nxf7 Ka5 44. Kg3 Kxa4 45. f4 Bb2 46. f5 Kb4 47.
Kg4 Kc5 48. Kg5 Kd5 49. f3 Bc1+ 50. Kf6 Bb2+ 51. Ke7 Ba3+ 52. Ke8 h5 53. Nh6
Ke5 54. Kf7 Kf4 55. Kg6 h4 56. f6 Kxf3 57. f7 Kg2 58. Kh5 h3 59. Ng4 Bf8 60.
Kg5 Be7+ 61. Kf5 Ba3 62. Ke4 Bf8 1/2-1/2

[Event "I Torneo Cecchina A"]
[Site "Roma ITA"]
[Date "1997.??.??"]
[Round "7"]
[White "Vanzan, Alessandro"]
[Black "Farina, Saverio"]
[Result "0-1"]
[WhiteElo "1528"]
[BlackElo "2195"]
[PlyCount "46"]
[EventDate "1997.??.??"]

1. c4 e6 2. Nc3 d5 3. cxd5 exd5 4. d4 c5 5. dxc5 Nf6 6. b4 a5 7. b5 Bxc5 8. e3
O-O 9. Nge2 Re8 10. g3 Bg4 11. Bg2 d4 12. Na4 Bb4+ 13. Bd2 d3 14. h3 dxe2 15.
Qc1 Bxd2+ 16. Qxd2 Qxd2+ 17. Kxd2 Rd8+ 18. Kc2 Bf5+ 19. Kb2 Rd2+ 20. Kc3 Rd3+
21. Kc4 Nbd7 22. Bxb7 Ne5+ 23. Kc5 Nfd7# 0-1

[Event "I Torneo Cecchina A"]
[Site "Roma ITA"]
[Date "1997.??.??"]
[Round "7"]
[White "Vigile, Matteo"]
[Black "Luzi, Alessandro"]
[Result "1-0"]
[WhiteElo "1771"]
[BlackElo "1540"]
[PlyCount "135"]
[EventDate "1997.??.??"]

1. e4 d6 2. d4 Nf6 3. Nc3 g6 4. f4 Bg7 5. Nf3 O-O 6. Bc4 Nxe4 7. Bxf7+ Rxf7 8.
Nxe4 Bg4 9. O-O Bh6 10. h3 Bd7 11. Nfg5 Rf8 12. c3 d5 13. Nc5 Bxg5 14. fxg5 b6
15. Nd3 Nc6 16. Bf4 Bf5 17. Ne5 Nxe5 18. Bxe5 Qd7 19. Qe2 c6 20. Rf2 Be4 21.
Raf1 e6 22. Qg4 Rxf2 23. Rxf2 Rf8 24. Rf6 Bf5 25. Qf4 Rxf6 26. gxf6 h5 27. Qh6
Qf7 28. Kf2 b5 29. Ke3 Be4 30. g3 Bf5 31. h4 a6 32. Kf4 Be4 33. b4 Bc2 34. Qg7+
Qxg7 35. fxg7 Bf5 36. Bf6 Kf7 37. Ke5 Bd3 38. Kd6 Bc4 39. Kxc6 Bxa2 40. Kb6 Bc4
41. Kxa6 Bd3 42. Kb6 Be2 43. Kc6 Bd3 44. Kd6 Bf5 45. Ke5 Bg4 46. Kd6 Bf5 47. c4
dxc4 48. Kc6 c3 49. Kxb5 c2 50. Bg5 Kxg7 51. Kc5 Kf7 52. b5 Ke8 53. Kc6 Be4+
54. Kc7 Kf7 55. b6 e5 56. dxe5 Ke6 57. b7 Bxb7 58. Kxb7 Kxe5 59. Kc7 Kf5 60.
Kd6 Kg4 61. Bf4 g5 62. hxg5 h4 63. g6 h3 64. g7 h2 65. g8=Q+ Kf3 66. Qh7 c1=Q
67. Bxc1 Kxg3 68. Bf4+ 1-0

[Event "I Torneo Cecchina A"]
[Site "Roma ITA"]
[Date "1997.??.??"]
[Round "7"]
[White "Vignato, Giovanni"]
[Black "Gardon, Ermanno"]
[Result "1/2-1/2"]
[WhiteElo "2150"]
[BlackElo "1722"]
[PlyCount "76"]
[EventDate "1997.??.??"]

1. c4 e6 2. d4 d5 3. cxd5 exd5 4. Nf3 Nf6 5. Bg5 Be7 6. Nc3 O-O 7. e3 h6 8. Bh4
Be6 9. Bd3 b6 10. O-O c5 11. dxc5 bxc5 12. Rc1 Nbd7 13. b3 Ng4 14. Bxe7 Qxe7
15. h3 Nge5 16. Nxe5 Nxe5 17. f4 Nxd3 18. Qxd3 c4 19. Qd4 Qd7 20. bxc4 dxc4 21.
Qxd7 Bxd7 22. Rfd1 Bc6 23. Rd4 Rfd8 24. Rxc4 Bd5 25. Nxd5 Rxd5 26. Rc8+ Rxc8
27. Rxc8+ Kh7 28. Rc7 Ra5 29. Rxf7 Kg6 30. Rf8 Rxa2 31. e4 a5 32. e5 Re2 33.
Ra8 Kf5 34. g3 h5 35. Rxa5 h4 36. Kf1 Re4 37. Kf2 hxg3+ 38. Kxg3 Re3+ 1/2-1/2

[Event "I Torneo Cecchina A"]
[Site "Roma ITA"]
[Date "1997.??.??"]
[Round "8"]
[White "Attanasi, Salvatore"]
[Black "Vanzan, Alessandro"]
[Result "0-1"]
[WhiteElo "1672"]
[BlackElo "1528"]
[PlyCount "106"]
[EventDate "1997.??.??"]

1. e4 d6 2. d4 Nf6 3. Nc3 g6 4. Nf3 Bg7 5. Bf4 O-O 6. Qd2 Re8 7. O-O-O a6 8. h3
b5 9. e5 b4 10. exf6 bxc3 11. Qxc3 exf6 12. Bc4 Be6 13. Rhe1 d5 14. Bb3 c6 15.
Ba4 Qb6 16. Qb3 Qxb3 17. Bxb3 a5 18. Ba4 Ra6 19. Rd3 Bf8 20. a3 Nd7 21. Rc3 Rc8
22. Nd2 c5 23. Bxd7 Bxd7 24. dxc5 Be6 25. Be3 Rac6 26. Nb3 Ra6 27. c6 a4 28.
Nd4 f5 29. Bf4 Bg7 30. Be5 Bh6+ 31. Kb1 Bd2 32. Ree3 Bxc3 33. Rxc3 Kf8 34. c7
Ke7 35. Nb5 f6 36. Bd4 Kd7 37. Na7 Rxc7 38. Rxc7+ Kxc7 39. Nb5+ Kc6 40. Nc3 f4
41. Bxf6 Kc5 42. Bg5 Bf5 43. Bxf4 d4 44. Nd1 Re6 45. Kc1 Re2 46. Bd2 Kc4 47. c3
Kd3 48. Bg5 Rc2+ 49. Kb1 Ke2 50. g4 Bd3 51. cxd4 Kxd1 52. Ka1 Rxf2 53. d5 Kc2
0-1

[Event "I Torneo Cecchina A"]
[Site "Roma ITA"]
[Date "1997.??.??"]
[Round "8"]
[White "Barro, Carlo"]
[Black "Arabito, Giuseppe"]
[Result "1-0"]
[WhiteElo "1747"]
[BlackElo "1558"]
[PlyCount "35"]
[EventDate "1997.??.??"]

1. d4 Nf6 2. c4 e6 3. Nf3 c5 4. d5 b5 5. e3 Bb7 6. dxe6 fxe6 7. Be2 bxc4 8.
Bxc4 Be7 9. O-O O-O 10. Qe2 d5 11. Rd1 Qc7 12. Bd3 e5 13. Bf5 Bc8 14. Bxc8 Rxc8
15. Nc3 Rd8 16. Ng5 Qc6 17. e4 d4 18. Qc4+ 1-0

[Event "I Torneo Cecchina A"]
[Site "Roma ITA"]
[Date "1997.??.??"]
[Round "8"]
[White "Bongiovanni, Marco"]
[Black "Vignato, Giovanni"]
[Result "1/2-1/2"]
[WhiteElo "1624"]
[BlackElo "2150"]
[PlyCount "38"]
[EventDate "1997.??.??"]

1. e4 c6 2. d4 d5 3. exd5 cxd5 4. c4 Nf6 5. Nc3 Nc6 6. Bg5 dxc4 7. d5 Ne5 8.
Qd4 Ned7 9. Bxc4 g6 10. Nf3 Bg7 11. O-O O-O 12. Qh4 a6 13. Rad1 b5 14. Bb3 Bb7
15. Rfe1 Re8 16. Ne5 Nxe5 17. Rxe5 Qd6 18. Re3 b4 19. Ne4 Nxe4 1/2-1/2

[Event "I Torneo Cecchina A"]
[Site "Roma ITA"]
[Date "1997.??.??"]
[Round "8"]
[White "Campagna, Maurizio"]
[Black "Abuhamdieh, Arafat"]
[Result "1-0"]
[WhiteElo "1573"]
[BlackElo "1294"]
[PlyCount "121"]
[EventDate "1997.??.??"]

1. d4 d5 2. c4 e6 3. Nc3 Nf6 4. Bg5 c6 5. e3 Be7 6. Nf3 O-O 7. cxd5 cxd5 8. Bd3
h6 9. Bh4 Nbd7 10. O-O b6 11. Rc1 Bb7 12. a3 Rc8 13. Re1 Ne8 14. Bxe7 Qxe7 15.
Qa4 a5 16. e4 dxe4 17. Bxe4 Bxe4 18. Nxe4 Nef6 19. Nc3 Qd6 20. Ne5 Rfd8 21. Qb5
Ne8 22. Ne2 Nc7 23. Qc6 Nxe5 24. Qxd6 Rxd6 25. dxe5 Rd2 26. b4 axb4 27. axb4
Rdd8 28. Rc6 Nd5 29. b5 Rxc6 30. bxc6 Nc7 31. f4 Rd5 32. Rc1 f6 33. exf6 gxf6
34. Kf2 Kf7 35. Ke3 Ke7 36. Nd4 Kd6 37. Rb1 Rc5 38. g3 h5 39. Rf1 Nd5+ 40. Kd2
Nb4 41. c7 Kd7 42. Rc1 Nd5 43. c8=Q+ Kxc8 44. Rxc5+ bxc5 45. Nxe6 c4 46. h4 Kd7
47. Ng7 Kd6 48. Nxh5 Kc5 49. Ng7 Kd4 50. Nf5+ Ke4 51. Nd6+ Kf3 52. h5 Kxg3 53.
f5 c3+ 54. Kc1 Kf4 55. h6 Ke5 56. Ne8 Kxf5 57. h7 Ke4 58. h8=Q f5 59. Nd6+ Kd3
60. Nxf5 Ke4 61. Qd4+ 1-0

[Event "I Torneo Cecchina A"]
[Site "Roma ITA"]
[Date "1997.??.??"]
[Round "8"]
[White "Chiaretti, Roberto"]
[Black "Scagliarini, Bruno"]
[Result "1-0"]
[WhiteElo "2150"]
[BlackElo "1974"]
[PlyCount "75"]
[EventDate "1997.??.??"]

1. e4 e6 2. d4 d5 3. e5 c5 4. c3 Nc6 5. Nf3 Qb6 6. a3 c4 7. Nbd2 Na5 8. g3 Ne7
9. h4 Bd7 10. Bh3 Nb3 11. Nxb3 cxb3 12. O-O Nc6 13. h5 h6 14. Nh2 O-O-O 15. Kh1
Be7 16. f4 f5 17. g4 fxg4 18. Qxg4 Rdg8 19. Rg1 Nd8 20. Be3 Kb8 21. Bf1 Bb5 22.
Bxb5 Qxb5 23. Qd1 Qe8 24. Rg6 Rf8 25. Qe2 Rf5 26. Nf1 Bh4 27. Qg4 Be7 28. Ng3
Rf7 29. Rf1 Bf8 30. Kg2 Qb5 31. Qe2 Qd7 32. f5 Qe7 33. Qg4 exf5 34. Rxf5 Nc6
35. Bf4 Ka8 36. Rxf7 Qxf7 37. Rxc6 a6 38. Rc8+ 1-0

[Event "I Torneo Cecchina A"]
[Site "Roma ITA"]
[Date "1997.??.??"]
[Round "8"]
[White "De Blasio, Massimo"]
[Black "Marzano, Carlo"]
[Result "1/2-1/2"]
[WhiteElo "2250"]
[BlackElo "2160"]
[PlyCount "39"]
[EventDate "1997.??.??"]

1. e4 g6 2. d4 c6 3. Nc3 d5 4. h3 Bg7 5. Nf3 Nh6 6. Bd3 O-O 7. O-O f6 8. Re1
Nf7 9. Bf1 e6 10. a4 a5 11. exd5 exd5 12. Ne2 Na6 13. Nf4 Nd6 14. c3 Nc7 15. b3
Re8 16. Rxe8+ Qxe8 17. Ra2 Qf7 18. Re2 Bd7 19. Ba3 Bf8 20. Re1 1/2-1/2

[Event "I Torneo Cecchina A"]
[Site "Roma ITA"]
[Date "1997.??.??"]
[Round "8"]
[White "Farina, Saverio"]
[Black "Siraco, Maurizio"]
[Result "0-1"]
[WhiteElo "2195"]
[BlackElo "1911"]
[PlyCount "100"]
[EventDate "1997.??.??"]

1. d4 d5 2. c4 e6 3. Nc3 Nf6 4. Bg5 Nbd7 5. Nf3 c6 6. e4 dxe4 7. Nxe4 Qa5+ 8.
Bd2 Bb4 9. Nd6+ Ke7 10. c5 Ne8 11. Nc4 Bxd2+ 12. Nfxd2 Qc7 13. Ne4 b5 14. Ncd6
Qa5+ 15. Qd2 Qxd2+ 16. Kxd2 Ndf6 17. Bd3 Nxe4+ 18. Nxe4 a5 19. a3 Nf6 20. Nxf6
Kxf6 21. Rhe1 Bb7 22. Re4 Rhd8 23. f4 g6 24. g4 Rd7 25. f5 exf5 26. gxf5 Rad8
27. fxg6 hxg6 28. Rf1+ Kg7 29. Kc3 b4+ 30. axb4 axb4+ 31. Kb3 Rxd4 32. Rxd4
Rxd4 33. Rf3 Bc8 34. Ka4 Be6 35. Ka5 Bd5 36. Re3 f5 37. Ba6 f4 38. Rd3 Rxd3 39.
Bxd3 b3 40. Bf1 Kf6 41. Kb4 g5 42. Kc3 g4 43. Be2 g3 44. hxg3 fxg3 45. Bf1 Ke5
46. Bh3 Kf4 47. Bf1 Ke3 48. Bh3 Kf2 49. Kb4 g2 50. Bxg2 Kxg2 0-1

[Event "I Torneo Cecchina A"]
[Site "Roma ITA"]
[Date "1997.??.??"]
[Round "8"]
[White "Gardon, Ermanno"]
[Black "Iatrino, Vincenzo"]
[Result "0-1"]
[WhiteElo "1722"]
[BlackElo "1767"]
[PlyCount "160"]
[EventDate "1997.??.??"]

1. e4 e5 2. Nf3 Nc6 3. Bb5 a6 4. Ba4 Nf6 5. d4 exd4 6. O-O Bc5 7. e5 Nd5 8. c3
O-O 9. Bc2 d6 10. cxd4 Bb6 11. Qd3 g6 12. Bg5 Nde7 13. Qd2 h5 14. Bf6 Kh7 15.
Ng5+ Kg8 16. Ne6 fxe6 17. Qh6 Rxf6 18. exf6 Qf8 19. fxe7 Nxe7 20. Qxf8+ Kxf8
21. Rd1 Kg7 22. Nc3 Nc6 23. Ne2 Bd7 24. Be4 d5 25. Bf3 Rf8 26. Rac1 Ne7 27. Rc3
Nf5 28. g3 Bb5 29. Nf4 Bd7 30. Rcd3 Rf7 31. Be2 Kh6 32. Ng2 Bb5 33. R3d2 Bxe2
34. Rxe2 Nxd4 35. Rxd4 Bxd4 36. Nf4 Rf6 37. Kg2 c6 38. Nxe6 Bxb2 39. Nd8 Bd4
40. Nxb7 Bb6 41. Rb2 c5 42. a4 a5 43. Rb5 Rc6 44. Kf3 Kg5 45. h3 Kf5 46. Nxa5
Bxa5 47. Rxa5 d4 48. Ke2 Ke4 49. f3+ Kd5 50. h4 Re6+ 51. Kd2 Kc4 52. g4 hxg4
53. fxg4 Re4 54. h5 Rxg4 55. hxg6 Rxg6 56. Ra8 Rg3 57. a5 Kb5 58. a6 Ra3 59. a7
Kb6 60. Rb8+ Kxa7 61. Rb1 Ka6 62. Rb8 Rg3 63. Rb1 Ka5 64. Rb8 c4 65. Ra8+ Kb5
66. Rb8+ Kc5 67. Rc8+ Kd5 68. Rd8+ Ke4 69. Re8+ Kf3 70. Rf8+ Kg2 71. Rc8 c3+
72. Kc2 Kf2 73. Rd8 Rg4 74. Rf8+ Ke3 75. Re8+ Re4 76. Rc8 Ke2 77. Kc1 d3 78.
Rd8 d2+ 79. Kc2 Re3 80. Rd7 Kf3 0-1

[Event "I Torneo Cecchina A"]
[Site "Roma ITA"]
[Date "1997.??.??"]
[Round "8"]
[White "Iacoacci, Giancarlo"]
[Black "Spaziani, Gianni"]
[Result "0-1"]
[WhiteElo "1600"]
[BlackElo "1761"]
[PlyCount "48"]
[EventDate "1997.??.??"]

1. d4 e6 2. Nf3 d5 3. e3 c5 4. b3 Nf6 5. Bd3 Bd6 6. O-O O-O 7. Re1 Re8 8. Bb2
Nc6 9. Nbd2 Qc7 10. dxc5 Be7 11. a3 e5 12. Bb5 Bxc5 13. Bxc6 bxc6 14. Bxe5 Rxe5
15. Nxe5 Qxe5 16. b4 Bd6 17. Nf3 Qh5 18. c4 Bg4 19. Kf1 Bxh2 20. c5 Be5 21. Ra2
Ne4 22. Qd3 Bxf3 23. gxf3 Qxf3 24. Rc2 Ng3+ 0-1

[Event "I Torneo Cecchina A"]
[Site "Roma ITA"]
[Date "1997.??.??"]
[Round "8"]
[White "Luzi, Alessandro"]
[Black "Scagliarini, Valentina"]
[Result "0-1"]
[WhiteElo "1540"]
[BlackElo "1642"]
[PlyCount "72"]
[EventDate "1997.??.??"]

1. e4 e6 2. d4 d5 3. Nc3 Bb4 4. e5 c5 5. a3 Bxc3+ 6. bxc3 Qc7 7. Nf3 Nc6 8. Bd2
Bd7 9. Bd3 Nge7 10. O-O c4 11. Be2 f6 12. Bf4 f5 13. h3 h6 14. Nd2 O-O-O 15.
Qb1 g5 16. Bh2 Rdg8 17. Qa2 h5 18. Rab1 h4 19. f3 Be8 20. Rb2 Bh5 21. a4 g4 22.
fxg4 fxg4 23. Bxg4 Bxg4 24. hxg4 Rxg4 25. Rf4 Rg7 26. Rb1 Rhg8 27. Rf2 Nf5 28.
Rbf1 Qe7 29. Re1 h3 30. Ree2 Nd8 31. Nf3 Nf7 32. Bf4 Nh4 33. Nxh4 Qxh4 34. Qa3
hxg2 35. Rxg2 Rxg2+ 36. Rxg2 Qe1+ 0-1

[Event "I Torneo Cecchina A"]
[Site "Roma ITA"]
[Date "1997.??.??"]
[Round "8"]
[White "Marotta, Michele"]
[Black "Medori, Marco"]
[Result "0-1"]
[WhiteElo "1600"]
[BlackElo "1600"]
[PlyCount "96"]
[EventDate "1997.??.??"]

1. e4 c5 2. c3 d5 3. exd5 Qxd5 4. d4 Nf6 5. Nf3 Bg4 6. Be2 e6 7. O-O Nc6 8. Re1
cxd4 9. cxd4 Bb4 10. Nc3 Qd8 11. Bg5 O-O 12. Ne5 Bxe2 13. Rxe2 Qxd4 14. Nxc6
Qxd1+ 15. Rxd1 bxc6 16. Bxf6 gxf6 17. Red2 Ba5 18. Kf1 Rfd8 19. Ke2 Rxd2+ 20.
Rxd2 Rd8 21. Rxd8+ Bxd8 22. g4 Bc7 23. h3 Kg7 24. Ke3 Bb6+ 25. Kf3 Kg6 26. Ne4
f5 27. gxf5+ Kxf5 28. Nd6+ Kf6 29. Ne4+ Ke7 30. Ke2 f5 31. Nd2 e5 32. f3 Ke6
33. b3 Kd5 34. Kd3 h5 35. a4 Ba5 36. Nc4 Bb4 37. Ne3+ Ke6 38. Nc4 a5 39. Ke3
Kf6 40. Nb2 Kg5 41. Nd3 Bd6 42. Kf2 e4 43. fxe4 fxe4 44. Nb2 Bc5+ 45. Kg2 Kf4
46. Nc4 e3 47. Nb2 Ke4 48. Kf1 Kf3 0-1

[Event "I Torneo Cecchina A"]
[Site "Roma ITA"]
[Date "1997.??.??"]
[Round "8"]
[White "Mastroddi, Emiliano"]
[Black "Montecchi, Ugo"]
[Result "0-1"]
[WhiteElo "1753"]
[BlackElo "1833"]
[PlyCount "56"]
[EventDate "1997.??.??"]

1. e4 c5 2. c3 Nf6 3. e5 Nd5 4. d4 cxd4 5. Nf3 e6 6. cxd4 Be7 7. Bd3 O-O 8. O-O
d6 9. a3 Nd7 10. Qe2 b6 11. Nbd2 dxe5 12. dxe5 Nc5 13. Bc2 Nf4 14. Qe3 Bg5 15.
Nxg5 Qxg5 16. Qf3 Bb7 17. Be4 Nxe4 18. Nxe4 Qxg2+ 19. Qxg2 Nxg2 20. Nd6 Bd5 21.
Bg5 f6 22. exf6 gxf6 23. Bh6 Rfd8 24. f3 Nh4 25. Ne4 Kf7 26. Rac1 Rg8+ 27. Kf2
Rg2+ 28. Ke3 Nf5+ 0-1